Day 7 AP Gov Required Court Case Vocab - Statistics

General Stats
  • This quiz has been taken 41 times
  • The average score is 9 of 11
Answer Stats
Hint Answer % Correct
when you redraw voting districts this is called gerrymandering
91%
this amendment says you have the right to bear arms second
91%
the government cannot create one religion over another this is called the __ clause establishment
88%
congress can create any law to do their job effectively describes the __ and proper clause necessary
88%
the government cannot tell you how to practice your religion is called the __ clause free exercise
85%
the 1st amendment allows people to express themselves as long as they are not threatening is called free ___ speech
85%
if there is a dispute between the national government and states the __ clause says the national government wins supremacy
85%
congress has the power to regulate economic activities this is called the __ clause commerce
79%
when you apply the bill of rights to the states this is called selective incorporation
79%
when the supreme court declares something unconstitutional this power is called the judicial review
76%
the sharing of government power between the national and state governments is called federalism
73%
No matching quizzes found
Score Distribution
Percent of People with Each Score
Percentile by Number Answered
Your Score History
You have not taken this quiz